000 00867nam a2200229Ia 4500
008 191128s9999 xx 000 0 und d
082 _aR 500
082 _b C569c
245 0 _aCiencia visual /
245 0 _ctraducción Gloria Méndez Seijido
260 _aBogotá
260 _bCasa editorial El tiempo
260 _c1995
300 _a272 páginas
300 _b fotografías a color
300 _c 30 cm
505 _aMateria y química -- Luz y energía -- El universo -- Electricidad y electrónica -- Tecnología
520 _aCiencia visual es una obra creada originalmente por Dorling Kindersley de Inglaterra y editada de manera exclusiva en Colombia por la Casa editorial El tiempo
546 _aspa
650 _aCiencia Agua Química Fuerza y energía Astronomía Luz Espacio y tiempo--
799 _aMéndez Seijido, Gloria, traductora
999 _c4448
_d4448